Thermodynamics for engineers (Record no. 7756)

000 -LEADER
fixed length control field 00491nam a22001817a 4500
001 - CONTROL NUMBER
control field 7756
003 - CONTROL NUMBER IDENTIFIER
control field BD-DhUET
008 - FIXED-LENGTH DATA ELEMENTS--GENERAL INFORMATION
fixed length control field 141211b xxu||||| |||| 00| 0 eng d
040 ## - CATALOGING SOURCE
Transcribing agency 0
Modifying agency BD-DhUET
082 ## - DEWEY DECIMAL CLASSIFICATION NUMBER
Classification number 621.01
Item number DOO/1964
100 ## - MAIN ENTRY--PERSONAL NAME
Personal name Doolittle, Jesse S.
245 ## - TITLE STATEMENT
Title Thermodynamics for engineers
Statement of responsibility, etc. by Jesse S. Doolittle
250 ## - EDITION STATEMENT
Edition statement 2nd ed.
260 ## - PUBLICATION, DISTRIBUTION, ETC. (IMPRINT)
Place of publication, distribution, etc. Pennsylvania
Name of publisher, distributor, etc. International Textbook Company
Date of publication, distribution, etc. 1964
300 ## - PHYSICAL DESCRIPTION
Extent xvii, 660p.
650 #0 - SUBJECT ADDED ENTRY--TOPICAL TERM
Topical term or geographic name as entry element Thermodynamics engineering
942 ## - ADDED ENTRY ELEMENTS (KOHA)
Koha item type General Book
Holdings
Not for loan Copy number Koha date last seen Location (home branch) Date acquired Damaged status Piece designation (barcode) Lost status Price effective from Sublocation or collection (holding branch) Koha item type Koha normalized classification for sorting Koha full call number Shelving location Source of classification or shelving scheme Withdrawn status
 12014-12-11Central Library, BUET2014-12-11 16488 2014-12-11Central Library, BUETGeneral Book621_010000000000000_DOO_1964621.01/DOO/1964Circulation section  
 22015-04-09Central Library, BUET2015-04-09 16487 2015-04-09Central Library, BUETGeneral Book621_010000000000000_DOO_1964621.01/DOO/1964Circulation section  
 32015-04-12Central Library, BUET2015-04-12 16489 2015-04-12Central Library, BUETGeneral Book621_010000000000000_DOO_1964621.01/DOO/1964Circulation section  
 42015-04-12Central Library, BUET2015-04-12 16491 2015-04-12Central Library, BUETGeneral Book621_010000000000000_DOO_1964621.01/DOO/1964Circulation section  
 52015-06-15Central Library, BUET2015-06-15 16490 2015-06-15Central Library, BUETReading Item621_010000000000000_DOO_1964621.01/DOO/1964Reading section